LEADER 01152nam a2200289 a 4500 001 000000166062 003 CaOOAMICUS 005 20180220095054.0 008 180220s2005 nyu u000 u eng r 020 $a978-0-8014-8968-8* 032 $aLibriCat 040 $aPUL$bita 082 04$a179.9 245 00$aVirtue ethics, old and new /$cedited by Stephen M. Gardiner. 260 $aIthaca ;$aLondon :$bCornell University Press,$c©2005. 300 $aviii, 222 p. ;$c24 cm. 504 $aInclude indici e riferimenti bibliografici. 650 4$aEtica.$0(OLS)http://pul/subject/547 700 1 $aGardiner, Stephen M.$0(OLS)http://pul/name/107054 850 $aPUL 852 $aPUL$W1$xSL Filosofia 3$y81$m179. 9 GARST 1$j190573$qDDC 21$B193468$CPULBib$Z2$F193468 $H130383 $81 941 1 $a9 996 $6020$a978-0-8014-8968-8*$9(OLS)http://pul/number/163551 996 $6082$a179.9$9(OLS)http://pul/classification/3101 996 $6245$aVirtue ethics, old and new$9(OLS)http://pul/title/205771 996 $6260$aIthaca ;$aLondon :$bCornell University Press$9(OLS)http://pul/publisher/61169 LEADER 01541nam a2200301 a 4500 001 000000137277 003 CaOOAMICUS 005 20140212094822.0 008 140212s1984 fr u000 u fre r 020 $a2-227-12605-1 040 $aPUL$bita 245 00$aDroits des peuples, droits de l'homme :$bpaix et justice sociale internationale : actes du colloque organise par l'Institut international Jacques Maritain, sous le patronage de l'UNESCO /$cdirection de l'ouvrage [par] Roberto Papini. 260 $aParis :$bLe Centurion,$c1984. 300 $a186 p. ;$c22 cm 490 1 $aDroits de l'homme et solidarité 500 $aInclude riferimenti bibliografici. 650 4$aDiritti umani$xCongressi.$0(OLS)http://pul/subject/36972 700 1 $aPapini, Roberto$b1938-$0(OLS)http://pul/name/5643 710 2 $aInstitut international Jacques Maritain.$0(OLS)http://pul/name/5644 710 2 $aUnesco.$0(OLS)http://pul/name/5180 830 0$aDroits de l'homme et solidarité.$0(OLS)http://pul/title/173777 850 $aPUL 852 $aPUL$W1$xDP1 Fondo E. Rossi$y115$m5 A 100$j158315$qFondi$B157783$CPULBib$Z2$F157783 $82 941 1 $a1 996 $6020$a2-227-12605-1$9(OLS)http://pul/number/154431 996 $6245$aDroits des peuples, droits de l'homme :$bpaix et justice sociale internationale : actes du colloque organise par l'Institut international Jacques Maritain, sous le patronage de l'UNESCO$9(OLS)http://pul/title/173776 996 $6260$aParis :$bLe Centurion$9(OLS)http://pul/publisher/62405